The Missing Letter - Statistics

General Stats
  • This quiz has been taken 36 times
  • The average score is 4 of 7
Answer Stats
Hint Answer % Correct
WRYIPSFHKXVNQETUOADJLZCBM G
100%
MUYTFXZGOIWEBNCVAHRDLKQJP S
87%
AWZESTXUCGYIPHLMBFJKODRQN V
74%
QAZEDCBTJUGMOLSWFRHVYNKPI X
48%
POUYREQLJHFDAMBVXZITWGSNC K
39%
WAQFSVOZHDJUMPYBLINKCERGX T
30%
STINKYPEROQWUADFGZXMCVBJL H
26%
No matching quizzes found
Score Distribution
Percent of People with Each Score
Percentile by Number Answered
Your Score History
You have not taken this quiz